Zvrácená pyramida sociálně-ekologická studie konfliktu mezi pyramidovým schématem a občanskou společností

Gespeichert in:
Bibliographische Detailangaben
1. Verfasser: Blažek, Bohuslav
Weitere Verfasser: Olmrová, Jiřina
Format: Buch
Sprache:Tschechisch
Veröffentlicht: Praha Sociologické nakladatelství (SLON) 2006
Schriftenreihe:Knižnice sociologických aktualit 10. sv.
Schlagworte:
Tags: Tag hinzufügen
Keine Tags, Fügen Sie das erste Tag hinzu!

MARC

LEADER 00000nam$a2200000$$$4500
001 0076328
005 20231215114910.2
020 |a 80-86429-54-7 
041 0 |a cze 
044 |a CZ 
245 1 0 |a Zvrácená pyramida  |b sociálně-ekologická studie konfliktu mezi pyramidovým schématem a občanskou společností  |c Bohuslav Blažek a Jiřina Olmrová 
264 1 |a Praha  |b Sociologické nakladatelství (SLON)  |c 2006 
300 |a 191 s. 
490 1 |a Knižnice sociologických aktualit  |v 10. sv. 
830 0 |a Knižnice sociologických aktualit  |v 10. sv. 
610 2 0 |a marketing sieťový 
610 2 0 |a riadenie predaja 
610 2 0 |a etika hospodárska 
610 2 0 |a spoločnosť občianska 
100 1 |a Blažek, Bohuslav 
700 1 |a Olmrová, Jiřina